[Event "ESP-ch U14"]
[Site "Salobrena"]
[Date "2023.07.17"]
[Round "1"]
[White "Fernandez Ramos, Iago"]
[Black "Alles Moll, Eloi"]
[Result "1-0"]
[WhiteElo "1869"]
[BlackElo "1419"]
[PlyCount "63"]
[EventDate "2023.07.17"]
[EventType "swiss"]
[EventRounds "9"]
[EventCountry "ESP"]
[SourceTitle "EXT 2024"]
[Source "ChessBase"]
[SourceDate "2023.10.10"]
[SourceVersion "1"]
[SourceVersionDate "2023.10.10"]
[SourceQuality "1"]

1. e4 c5 2. Nf3 e6 3. c3 d5 4. e5 Nc6 5. d4 Qb6 6. Bd3 Nge7 7. 0-0 Nf5 8. dxc5 Bxc5 9. b4 Be7 10. a4 a5 11. Bxf5 exf5 12. Be3 Qc7 13. b5 Nxe5 14. Nxe5 Qxe5 15. Bd4 Qe4 16. Re1 Qg4 17. f3 Qg5 18. f4 Qg4 19. Qxg4 fxg4 20. Bxg7 Rg8 21. Bf6 Be6 22. Bxe7 Kxe7 23. f5 g3 24. fxe6 fxe6 25. Nd2 Rac8 26. Re3 h5 27. Rae1 Rg6 28. hxg3 Kd6 29. Nb3 b6 30. Nd4 Re8 31. Re5 Rxg3 32. Nf5+ 1-0